ბათუმის შოთა რუსთაველის სახელმწიფო უნივერსიტეტის ბიბლიოთეკა

It Can't Be True! (ბიბ.ჩანაწერი № 47307)

000 -LEADER
fixed length control field 00452nam a2200205Ia 4500
001 - CONTROL NUMBER
control field 14168
003 - CONTROL NUMBER IDENTIFIER
control field GE_BSU
008 - FIXED-LENGTH DATA ELEMENTS--GENERAL INFORMATION
fixed length control field 181216s||||||||xx |||||||||||||| ||und||
020 ## - INTERNATIONAL STANDARD BOOK NUMBER
International Standard Book Number 0862730899
040 ## - CATALOGING SOURCE
Transcribing agency GE_BSU
080 ## - UNIVERSAL DECIMAL CLASSIFICATION NUMBER
Universal Decimal Classification number 821.11.1-7
100 ## - MAIN ENTRY--PERSONAL NAME
Personal name Reid, Jane
245 ## - TITLE STATEMENT
Title It Can't Be True!
245 ## - TITLE STATEMENT
Statement of responsibility, etc. Illustrated by Bill Tidy
260 ## - PUBLICATION, DISTRIBUTION, ETC.
Place of publication, distribution, etc. London
260 ## - PUBLICATION, DISTRIBUTION, ETC.
Date of publication, distribution, etc. 1983
300 ## - PHYSICAL DESCRIPTION
Extent 159p.ill.21cm.
653 ## - INDEX TERM--UNCONTROLLED
Uncontrolled term It Can't Be True!
942 ## - ADDED ENTRY ELEMENTS (KOHA)
Koha item type წიგნი
ეგზემპლარები
Withdrawn status Lost status Damaged status Not for loan Date acquired Barcode Date last seen Price effective from Koha item type
        2018-12-17 37255 2018-12-17 2018-12-17 წიგნი
        2018-12-17 37217 2018-12-17 2018-12-17 წიგნი